| 000 | 00743cam a2200217 4500500 | ||
|---|---|---|---|
| 005 | 20260111080412.0 | ||
| 041 | _afre | ||
| 042 | _adc | ||
| 100 | 1 | 0 |
_aDamarey, Stéphanie _eauthor |
| 245 | 0 | 0 | _aLa notion de préjudice financier en dépenses |
| 260 | _c2020. | ||
| 500 | _a61 | ||
| 690 | _acomptabilité publique | ||
| 690 | _aconseil d’État | ||
| 690 | _acour des comptes | ||
| 690 | _adépenses | ||
| 690 | _apréjudice financier | ||
| 690 | _aresponsabilité personnelle et pécuniaire des comptables | ||
| 786 | 0 | _nGestion & Finances Publiques | 2 | 2 | 2020-04-29 | p. 107-127 | 1969-1009 | |
| 856 | 4 | 1 | _uhttps://droit.cairn.info/revue-gestion-et-finances-publiques-2020-2-page-107?lang=fr&redirect-ssocas=7080 |
| 999 |
_c1616269 _d1616269 |
||